1 Syllable Countries - Statistics

General Stats
  • This quiz has been taken 32 times
  • The average score is 4 of 5
Answer Stats
Answer % Correct
Chad
92%
France
84%
Spain
84%
Greece
76%
Laos
72%
No matching quizzes found
Score Distribution
Percent of People with Each Score
Percentile by Number Answered
Your Score History
You have not taken this quiz